[Event "LSS RB-2010-0-00078"]
[Site "LSS email"]
[Date "2010.02.15"]
[Round "?"]
[White "Bartsch, Christian"]
[Black "Gaethofs, Hans"]
[Result "1-0"]
[WhiteElo "1949"]
[BlackElo "1930"]
[PlyCount "25"]
[EventDate "2010.01.06"]
[EventType "tourn (corr)"]
[EventRounds "6"]
[EventCountry "GER"]
[SourceTitle "Corr 2013"]
[Source "ChessBase"]
[SourceDate "2012.11.12"]
[SourceVersion "1"]
[SourceVersionDate "2012.11.12"]
[SourceQuality "1"]

1. e4 e5 2. Nf3 Nc6 3. Bc4 Nf6 4. d3 Be7 5. Nc3 0-0 6. 0-0 d6 7. Be3 Na5 8. Bb3 Nxb3 9. axb3 c5 10. h3 h6 11. Nd2 d5 12. exd5 Nxd5 13. Nc4 1-0

[Event "LSS SB-2010-0-00081"]
[Site "LSS email"]
[Date "2010.02.01"]
[Round "?"]
[White "Gaethofs, Hans"]
[Black "Oliveira, Diogo Luiz"]
[Result "0-1"]
[WhiteElo "1847"]
[BlackElo "1985"]
[PlyCount "30"]
[EventDate "2010.01.13"]
[EventType "tourn (corr)"]
[EventRounds "6"]
[EventCountry "GER"]
[SourceTitle "Corr 2013"]
[Source "ChessBase"]
[SourceDate "2012.11.12"]
[SourceVersion "1"]
[SourceVersionDate "2012.11.12"]
[SourceQuality "1"]

1. d4 Nf6 2. c4 g6 3. Nf3 Bg7 4. g3 0-0 5. Bg2 d6 6. 0-0 Nbd7 7. Nc3 e5 8. e4 exd4 9. Nxd4 Re8 10. h3 Nc5 11. Re1 a5 12. Ndb5 Bd7 13. Bf4 Bxb5 14. cxb5 Qd7 15. Qc2 Nh5 0-1

[Event "LSS SB-2010-0-00081"]
[Site "LSS email"]
[Date "2010.02.01"]
[Round "?"]
[White "Wicklund Hansen, Gunnar"]
[Black "Gaethofs, Hans"]
[Result "1-0"]
[WhiteElo "1854"]
[BlackElo "1899"]
[PlyCount "25"]
[EventDate "2010.01.13"]
[EventType "tourn (corr)"]
[EventRounds "6"]
[EventCountry "GER"]
[SourceTitle "Corr 2013"]
[Source "ChessBase"]
[SourceDate "2012.11.12"]
[SourceVersion "1"]
[SourceVersionDate "2012.11.12"]
[SourceQuality "1"]

1. d4 Nf6 2. c4 g6 3. Nc3 Bg7 4. e4 d6 5. Nf3 0-0 6. Be2 e5 7. 0-0 Nc6 8. d5 Ne7 9. b4 Nh5 10. g3 f5 11. Ng5 Nf6 12. f3 c6 13. b5 1-0

[Event "LSS No Engine Cup Gr13 prel 06 email"]
[Site "LSS email"]
[Date "2009.12.27"]
[Round "?"]
[White "Arango Marin, Sixto Gregorio"]
[Black "Gaethofs, Hans"]
[Result "0-1"]
[WhiteElo "791"]
[BlackElo "2000"]
[PlyCount "52"]
[EventDate "2009.12.28"]
[EventType "tourn (corr)"]
[EventRounds "6"]
[EventCountry "GER"]
[SourceTitle "Telechess CBM 137"]
[Source "ChessBase"]
[SourceDate "2010.07.15"]
[SourceVersion "1"]
[SourceVersionDate "2010.07.15"]
[SourceQuality "1"]

1. e4 e5 2. Nf3 Nc6 3. Bc4 d6 4. d4 exd4 5. Nxd4 g6 6. Nxc6 bxc6 7. Qf3 Qf6 8. Qxf6 Nxf6 9. Bg5 Nxe4 10. Be3 Bg7 11. c3 Rb8 12. b4 Nxc3 13. 0-0 Rxb4 14. Bb3 Ne2+ 15. Kh1 Bxa1 16. Re1 Ba6 17. Nd2 Bc3 18. g3 c5 19. Kg2 0-0 20. Kf3 Nd4+ 21. Bxd4 Rxd4 22. Re7 Rxd2 23. Rxc7 Bd4 24. Rxa7 Rxf2+ 25. Kg4 Bc8+ 26. Kh4 Bf6# 0-1

[Event "LSS SA-2009-0-00091"]
[Site "LSS email"]
[Date "2009.10.22"]
[Round "?"]
[White "Gaethofs, Hans"]
[Black "Slezak, Robert"]
[Result "1/2-1/2"]
[WhiteElo "2000"]
[BlackElo "2144"]
[PlyCount "37"]
[EventDate "2009.10.04"]
[EventType "tourn (corr)"]
[EventRounds "6"]
[EventCountry "GER"]
[SourceTitle "Telechess CBM 137"]
[Source "ChessBase"]
[SourceDate "2010.07.15"]
[SourceVersion "1"]
[SourceVersionDate "2010.07.15"]
[SourceQuality "1"]

1. d4 Nf6 2. c4 g6 3. Nc3 d5 4. Nf3 Bg7 5. Bg5 Ne4 6. cxd5 Nxg5 7. Nxg5 e6 8. Nf3 exd5 9. b4 Qd6 10. a3 0-0 11. Qb3 Be6 12. e3 a5 13. b5 c5 14. bxc6 bxc6 15. Be2 c5 16. 0-0 c4 17. Qa4 Bd7 18. Qd1 Bc6 19. Qc2 1/2-1/2

[Event "LSS SA-2009-0-00091"]
[Site "LSS email"]
[Date "2009.10.21"]
[Round "?"]
[White "Jochem, Alessandro Gil"]
[Black "Gaethofs, Hans"]
[Result "0-1"]
[WhiteElo "2142"]
[BlackElo "1960"]
[PlyCount "49"]
[EventDate "2009.10.04"]
[EventType "tourn (corr)"]
[EventRounds "6"]
[EventCountry "GER"]
[SourceTitle "Telechess CBM 137"]
[Source "ChessBase"]
[SourceDate "2010.07.15"]
[SourceVersion "1"]
[SourceVersionDate "2010.07.15"]
[SourceQuality "1"]

1. e4 e5 2. Bc4 Nf6 3. Nf3 Nc6 4. Ng5 d5 5. exd5 Na5 6. Bb5+ c6 7. dxc6 bxc6 8. Qf3 Rb8 9. Ba4 Rb4 10. Bxc6+ Nxc6 11. Qxc6+ Bd7 12. Qc3 h6 13. Qxe5+ Be7 14. Nxf7 Kxf7 15. d3 Qb6 16. Be3 Qc6 17. Na3 Re8 18. 0-0-0 Ng4 19. Qg3 Rxb2 20. Nc4 Rxa2 21. h3 Qa4 22. Qf3+ Kg8 23. Qe2 Ra1+ 24. Kd2 Bb4+ 25. c3 0-1

[Event "LSS OP-2009-0-00972"]
[Site "LSS email"]
[Date "2009.10.19"]
[Round "?"]
[White "Gaethofs, Hans"]
[Black "Heijnen, Frits"]
[Result "1-0"]
[WhiteElo "2000"]
[BlackElo "800"]
[PlyCount "45"]
[EventDate "2009.10.15"]
[EventType "tourn (corr)"]
[EventRounds "4"]
[EventCountry "GER"]
[SourceTitle "Telechess CBM 137"]
[Source "ChessBase"]
[SourceDate "2010.07.15"]
[SourceVersion "1"]
[SourceVersionDate "2010.07.15"]
[SourceQuality "1"]

1. d4 f5 2. Nf3 e6 3. g3 b6 4. Bg2 Bb4+ 5. c3 Ba5 6. b4 d5 7. bxa5 bxa5 8. Qa4+ Qd7 9. Qxa5 Nc6 10. Qa4 Nge7 11. 0-0 Ng6 12. Ba3 Nce5 13. Qxd7+ Nxd7 14. Nbd2 Rb8 15. Rfb1 Kf7 16. Rxb8 Nxb8 17. c4 Nc6 18. cxd5 exd5 19. Nb3 Re8 20. Ng5+ Kg8 21. Bxd5+ Re6 22. Nxe6 Bxe6 23. Bxe6+ 1-0

[Event "LSS OP-2009-0-00972"]
[Site "LSS email"]
[Date "2009.10.19"]
[Round "?"]
[White "Gaethofs, Hans"]
[Black "Moreira Lopes, Jose Carlos"]
[Result "1/2-1/2"]
[WhiteElo "2000"]
[BlackElo "1460"]
[PlyCount "43"]
[EventDate "2009.10.15"]
[EventType "tourn (corr)"]
[EventRounds "4"]
[EventCountry "GER"]
[SourceTitle "Telechess CBM 137"]
[Source "ChessBase"]
[SourceDate "2010.07.15"]
[SourceVersion "1"]
[SourceVersionDate "2010.07.15"]
[SourceQuality "1"]

1. d4 Nf6 2. c4 d5 3. cxd5 Bf5 4. Nc3 Nxd5 5. Qb3 Nxc3 6. bxc3 Be4 7. f3 Bc6 8. e4 e6 9. Nh3 Be7 10. Be2 Nd7 11. Be3 Nb6 12. 0-0 0-0 13. Rac1 Ba4 14. Qb2 Rc8 15. c4 c5 16. d5 exd5 17. cxd5 Bd6 18. g3 Qe7 19. Qc3 c4 20. Nf4 Bb4 21. Qa1 Bc5 22. Bd4 1/2-1/2

[Event "LSS OP-2009-0-00972"]
[Site "LSS email"]
[Date "2009.10.19"]
[Round "?"]
[White "Jovanovic, Bratislav"]
[Black "Gaethofs, Hans"]
[Result "1/2-1/2"]
[WhiteElo "2059"]
[BlackElo "2000"]
[PlyCount "26"]
[EventDate "2009.10.15"]
[EventType "tourn (corr)"]
[EventRounds "4"]
[EventCountry "GER"]
[SourceTitle "Corr 2013"]
[Source "ChessBase"]
[SourceDate "2012.11.12"]
[SourceVersion "1"]
[SourceVersionDate "2012.11.12"]
[SourceQuality "1"]

1. e4 e5 2. Nc3 Nf6 3. Nf3 Nc6 4. Bb5 Bd6 5. d3 h6 6. h3 a6 7. Bxc6 dxc6 8. d4 exd4 9. Qxd4 Qe7 10. 0-0 Bc5 11. Qd3 Be6 12. Bf4 0-0 13. Rfd1 Rad8 1/2-1/2